Slovenčina pre cudzincov : gramatické cvičenia /

Hlavní autor: Vajičková, Mária
Korporativní autor: Univerzita Komenského v Bratislave. Studia Academica Slovaca
Jazyk: Slovenština
Vydáno: Bratislava : Univerzita Komenského, 2000
Vydání: 2. vyd.
Témata:
Fyzický popis: 131 s. ; 21 cm
Knihy
Uloženo v:
LEADER 01345nam a2200361 a 4500
001 000548639
003 CZ BrMZK
005 20051125134453.0
007 ta
008 000115s2000 xo f slo d
020 |a 80-223-1528-1 
040 |a BOA001  |b cze 
072 7 |a 811.162  |x Západoslovanské jazyky  |2 Konspekt  |9 11 
072 7 |a 37.016  |x Učební osnovy. Vyučovací předměty. Učebnice  |2 Konspekt  |9 22 
080 |a 811.162.4  |2 MRF 
080 |a 81'36  |2 MRF 
080 |a (075.8)  |2 MRF 
080 |a (076.5)  |2 MRF 
100 1 |a Vajičková, Mária  |7 mzk2004236956 
245 1 0 |a Slovenčina pre cudzincov :  |b gramatické cvičenia /  |c Mária Vajičková 
250 |a 2. vyd. 
260 |a Bratislava :  |b Univerzita Komenského,  |c 2000 
300 |a 131 s. ;  |c 21 cm 
541 |a Bratislava, Centrum vedecko-technických informácií SR 
650 0 7 |a slovenština  |7 ph125682  |2 czenas 
650 0 7 |a mluvnice  |7 ph115331  |2 czenas 
655 7 |a učebnice vysokých škol  |7 fd133772  |2 czenas 
655 7 |a učebnice pro cizince  |7 fd338606  |2 czenas 
655 7 |a praktická cvičení  |7 fd133118  |2 czenas 
710 2 |a Univerzita Komenského v Bratislave.  |b Studia Academica Slovaca  |7 mzk2005304497 
910 |a BOA001  |b 2-1081.746 
990 |a BK 
996 7 |b 2610128807  |c 2-1081.746  |l MZK  |r Sklad / do 1 hodiny  |n 2  |p vým  |w 000548639  |u 000010  |a 1  |e BOA001  |j MZK50  |s A